<?xml version="1.0" encoding="UTF-8"?><?xml-stylesheet type="text/xsl" href="static/style.xsl"?><OAI-PMH xmlns="http://www.openarchives.org/OAI/2.0/" xmlns:xsi="http://www.w3.org/2001/XMLSchema-instance" xsi:schemaLocation="http://www.openarchives.org/OAI/2.0/ http://www.openarchives.org/OAI/2.0/OAI-PMH.xsd"><responseDate>2026-04-27T21:28:22Z</responseDate><request verb="GetRecord" identifier="oai:uvadoc.uva.es:10324/47232" metadataPrefix="marc">https://uvadoc.uva.es/oai/request</request><GetRecord><record><header><identifier>oai:uvadoc.uva.es:10324/47232</identifier><datestamp>2021-07-06T20:50:15Z</datestamp><setSpec>com_10324_38</setSpec><setSpec>col_10324_852</setSpec></header><metadata><record xmlns="http://www.loc.gov/MARC21/slim" xmlns:doc="http://www.lyncode.com/xoai" xmlns:xsi="http://www.w3.org/2001/XMLSchema-instance" xmlns:dcterms="http://purl.org/dc/terms/" xsi:schemaLocation="http://www.loc.gov/MARC21/slim http://www.loc.gov/standards/marcxml/schema/MARC21slim.xsd">
<leader>00925njm 22002777a 4500</leader>
<datafield tag="042" ind1=" " ind2=" ">
<subfield code="a">dc</subfield>
</datafield>
<datafield tag="720" ind1=" " ind2=" ">
<subfield code="a">Crespo Moral, Pablo</subfield>
<subfield code="e">author</subfield>
</datafield>
<datafield tag="260" ind1=" " ind2=" ">
<subfield code="c">2021</subfield>
</datafield>
<datafield tag="520" ind1=" " ind2=" ">
<subfield code="a">Se va estudiar un sistema fotovoltaico debido al auge de las&#xd;
energías renovables y a que la energía fotovoltaica es una de las más&#xd;
extendidas a nivel global. Esta tecnología es muy versátil, ya que se&#xd;
puede disponer de una única placa solar o de una granja solar de miles&#xd;
de vatios, también se puede disponer de ella en cualquier lugar. Debido&#xd;
a su bajo rendimiento se deben buscar métodos para poder sacar el&#xd;
mayor partido a las instalaciones. Existen distintos modos de mejorar&#xd;
ese rendimiento, como con los Seguidores del Punto de Máxima&#xd;
Potencia, de los cuales mediante simulación en el programa Psim, se va&#xd;
a estudiar su comportamiento y, las ventajas y desventajas, que tiene en&#xd;
cada situación.</subfield>
</datafield>
<datafield tag="520" ind1=" " ind2=" ">
<subfield code="a">A photovoltaic system will be studied due to the rise of renewable&#xd;
energies and the growth of photovoltaic energy is one of the most&#xd;
widespread globally. This technology is very versatile, since you can have&#xd;
a single solar board or a solar farm of thousands of watts, you can also&#xd;
have it anywhere. Due to its poor performance, methods must be sought&#xd;
in order to get the most out of the facilities. There are different ways to&#xd;
improve this performance, as with the Maximum Power Point Tracker, of&#xd;
which by simulation in the Psim program, you will study its behavior and,&#xd;
the advantages and disadvantages, that it has in each situation.</subfield>
</datafield>
<datafield tag="024" ind2=" " ind1="8">
<subfield code="a">https://uvadoc.uva.es/handle/10324/47232</subfield>
</datafield>
<datafield tag="245" ind1="0" ind2="0">
<subfield code="a">Simulación de sistemas de seguimiento del punto de máxima potencia en sistemas fotovoltaicos</subfield>
</datafield>
</record></metadata></record></GetRecord></OAI-PMH>